000 00690cab a2200229 4500
001 WB3325-26
008 090401t1997 xxu||||| |||| 00| 0 eng d
035 _a(Sirsi) u79225
041 _aeng
245 _aCapital receipts initiative
260 _c1997
350 _a0
490 _aDoE News Release
_v(231/ENV) 19 June 1997, (3)
520 _aGovernment publishes proposals on how resources under the Capital Receipts Initiative should be used for those in housing need. Details.
650 _aCAPITAL RECEIPTS INITIATIVE
650 _aCAPITAL RECEIPTS
650 _aLOCAL AUTHORITIES
650 _aSOCIAL HOUSING
690 _aHOUSING
942 _n0
948 _c25/06/1997
999 _c49812
_d49812